000 00317nam a2200121 i 4500
001 bg
245 0 _aStruktura i własności materiałów dla jądrowych reaktorów wysokotemperaturowych.
260 _aWrocław,
_c1990.
040 _cBPK
041 _apol
942 _cKS
008 s pl f |000 0 pol
999 _c29261
_d29261
856 _uhttp://koha.tu.koszalin.pl/cgi-bin/koha/opac-detail.pl?biblionumber=29261
_yKatalog online BPK